000 00590nam a2200229Ia 4500
003 OSt
005 20220928105036.0
006 a|||||r|||| 00| 0
007 ta
008 220927b |||||||| |||| 00| 0 eng d
024 _a24698
037 _cTextual
040 _aSDCL
_cSDCL
_beng
041 _2eng
_aeng
082 _aX:8F.3'N8, M9
100 _aEdwards J R
_9413458
245 0 _aHistory of financial accounting
260 _aLondon
_bRoutledge
_c1989
300 _a326p
_ccm.
942 _hX:8F.3'N8, M9
_cTEXL
_2CC
999 _c729225
_d729225